00665 2200253 4500001002100000005001500021035002000036245007100056100001700127250000600144300003100150700002300181260004600204082000800250084001400258020002200272600001500294990001700309990001700326990001700343990001700360990001700377990001700394INLIS00000000000163420231121015922 a0010-11230000221 aBelajar Tentang Magnet /cGresna Ayu W; Editor, Puput Catur Aryati0 aGresna Ayu W a- a72 hlm. :bilus. ;c25 cm.0 aPuput Catur Aryati aSidoarjo :bMasmedia Buana Pustaka,c2017 a538 a538 GRE b a978-602-6317-07-0 4aMagnetisme a05078/P/2023 a05079/P/2023 a05179/P/2023 a05078/P/2023 a05178/P/2023 a05179/P/2023